| 000 | 00601nam a2200229 a 4500 | ||
|---|---|---|---|
| 001 | 0001-1380 | ||
| 003 | ELIB.Books | ||
| 008 | 160712 2010 eng | ||
| 020 | _a0943575559 | ||
| 035 | _a(ELIB.Books)0001-1535 | ||
| 092 | _a230 Mue | ||
| 100 | _aMueller, David L. | ||
| 245 |
_aKarl Barth _bMakers of the Modern Theological Mind |
||
| 260 |
_aMassachusetis, Peabody, _bHendrickson Publishers _c1972 |
||
| 300 |
_a172 _c22 Cm |
||
| 650 | _aTheology | ||
| 856 |
_nKBTS Library _uKBTS: ELIB |
||
| 942 |
_2ddc _cBK |
||
| 990 | _a1 | ||
| 998 |
_cbat _e2016-07-12 |
||
| 999 |
_c11380 _d11380 |
||